Història d'una política : actuacions i documents de la Lliga Regionalista : 1901-1933 actuacions i documents de la Lliga Regionalista :
Descripción Física:
438 p. ; 22 cm
Colección:
Biblioteca de Lliga Catalana
MARC
| LEADER | 00000nam a2200000Ia 4500 | ||
|---|---|---|---|
| 001 | 2155 | ||
| 008 | 160829s1933 xx 000 0 cat d | ||
| 080 | |a H-1-128 | ||
| 245 | |a Història d'una política : |b actuacions i documents de la Lliga Regionalista : |b 1901-1933 | ||
| 260 | |a Barcelona : |b (Imp. Clarasó), |c 1933 | ||
| 300 | |a 438 p. ; |c 22 cm | ||
| 490 | |a Biblioteca de Lliga Catalana | ||
| 650 | |a Lliga Regionalista |x Història |9 31563 | ||
| 650 | |a Partits polítics |x Catalunya |x Història |x S. XX |9 31564 | ||
| 901 | |a Arxiu | ||
| 942 | |n 1 | ||
| 952 | |0 0 |1 0 |4 0 |6 H1128 |7 1 |9 45671 |a Arxiu |b Arxiu |d 2016-12-01 |l 0 |o H-1-128 |p 2155 |r 2016-12-01 00:00:00 |w 2016-12-01 |y ARXIU | ||
| 999 | |c 49171 |d 49171 | ||